Statistics for Biggest U.S states on a map

Click here to take the quiz!

General Stats

  • This quiz has been taken 24 times
  • The average score is 10 of 15

Answers on the Map

Answers color-coded by a green-red scale on the quiz's map according to % correct below.
 

Answer Stats

Answer% Correct
Texas
92%
California
85%
Idaho
69%
Minnesota
69%
Montana
69%
North Dakota
69%
South Dakota
69%
Washington
69%
Arizona
62%
Colorado
62%
Nevada
62%
New Mexico
62%
Oregon
62%
Utah
62%
Wyoming
38%

Score Distribution

Percentile by Number Answered

Percent of People with Each Score

Your Score History

You have not taken this quiz